LEADER 01119nam0-2200325 --450 001 9910419553803321 005 20250916122706.0 010 $a9780674974982 100 $a20201023d2017----kmuy0itay5050 ba 101 2 $aeng$alat 102 $aUS 105 $a 001yy 200 1 $aCommentary on Plotinus$fMarsilio Ficino$gedited and translated with and analytical study by Stephen Gersh 210 $aCambridge, MA$aLondon$cHarvard University Press$d2017 215 $av.$d21 cm 225 1 $a<>I Tatti Renaissance Library$v80$v82 327 0 $a4.: Ennead 3., part 1. -$a5.: Ennead 3., part 2 and Ennead 4. 700 1$aFicino,$bMarsilio$0157041 702 1$aGersh,$bStephen 801 0$aIT$bUNINA$gREICAT$2UNIMARC 901 $aBK 912 $a9910419553803321 952 $aP2B 660 ITRL 80$b2020/1061$fFLFBC 952 $aP2B 660 ITRL 80 BIS$b2021/4281$fFLFBC 952 $aP2B 660 ITRL 82$b2020/1062$fFLFBC 952 $aP2B 660 ITRL 82 BIS$b2021/4280$fFLFBC 952 $aP2B 660 ITRL 82 TER$b2024/185$fFLFBC 959 $aFLFBC 996 $aCommentary on Plotinus$91760102 997 $aUNINA